Statistics for Four Letter Countries - One Minute Sprint

Click here to take the quiz!

General Stats

  • This quiz has been taken 95 times
  • The average score is 7 of 10

Answer Stats

Country% Correct
Chad
81%
Oman
73%
Fiji
72%
Iran
72%
Iraq
72%
Peru
69%
Laos
68%
Mali
68%
Togo
65%
Cuba
60%

Score Distribution

Percentile by Number Answered

Percent of People with Each Score

Your Score History

You have not taken this quiz